LEADER 02381njm a2200433 a 4500
001 000391925
003 CZ BrMZK
005 20230817133640.0
008 980105s1998 xr f cze d
028 0 3 |a ČRB 0040-2  |b Český rozhlas Brno 
040 |a BOA001  |b cze 
080 |a 78"19"(086.7)  |2 MRF 
110 2 |a Klub moravských skladatelů  |7 pna2007389555 
245 1 0 |a Česká soudobá orchestrální hudba.  |n 1  |h [zvukový záznam] =  |b Contemporary Czech orchestral music /  |c Klub moravských skladatelů Brno = The Moravian Composer's Club Brno 
246 3 1 |a Contemporary Czech orchestral music 
260 |a Brno :  |b Český rozhlas,  |c p1998 
300 |a 1 zvuková deska (66:55) :  |b digital ;  |c 12 cm +  |e 1 brožura 
306 |a 010655 
500 |a Kompaktní deska (AAD) 
505 0 0 |t Bitva u Slavkova aneb Souboj signálů 1805 /  |r Evžen Zámečník --  |t Hudba pro smyčcové kvarteto a orchestr /  |r Jiří Matys --  |t Musica giocosa per archi /  |r Zdeněk Zouhar --  |t Hommage a Gustav Mahler /  |r Pavel Blatný --  |r Panteon /  |r Ctirad Kohoutek 
511 0 |a Velký dechový orchestr Posádkové hudby Brno, dir. Evžen Zámečník; Ostravské kvarteto; Janáčkova Filharmonie Ostrava, dir. Otakar Trhlík ... [et al.] 
653 0 |a dechový orchestr  |a smyčcové kvartety  |a smyčcový orchestr  |a symfonický orchestr 
700 1 2 |a Kohoutek, Ctirad,  |d 1929-2011.  |t Panteon 
700 1 |a Konvalinka, Miloš,  |d 1919-2000  |7 jn20000710266  |4 cnd 
700 1 2 |a Matys, Jiří,  |d 1927-2016.  |t Hudba pro smyčcové kvarteto a orchestr 
700 1 |a Pešek, Libor,  |d 1933-2022  |7 jn19990209648  |4 cnd 
700 1 |a Trhlík, Otakar,  |d 1922-2005  |7 jk01140095  |4 cnd 
700 1 2 |a Zouhar, Zdeněk,  |d 1927-2011.  |t Musica gicosa per archi 
700 1 2 |a Zámečník, Evžen,  |d 1939-2018.  |t Bitva u Slavkova, aneb, Souboj Signálů 1805 
700 1 |a Altrichter, Petr,  |d 1951-  |7 jn19990201002  |4 cnd 
700 1 |a Blatný, Pavel,  |d 1931-2021.  |t Homage a Gustav Mahler 
710 2 |a Státní filharmonie Brno  |7 kn20030215152 
710 2 |a Posádková hudba Brno.  |b Velký dechový orchestr  |7 mzk2009483101 
710 2 |a Janáčkova filharmonie Ostrava  |7 ko2002149166 
710 2 |a Ostravské kvarteto  |7 xx0075962 
910 |a BOA001  |b CD-0006.892,1 
964 |a Hudba  |z stol.20.,pol.2.  |x CD 
990 |a AV 
996 6 |b 261H007316  |c CD-0006.892,1  |l MZK  |r Sklad / do 24 hodin  |n 0  |p p.v.  |w 000391925  |u 000010  |a 1  |e BOA001  |j MZK50  |s P